Der Schemniker Metall - Verbau

Bibliographic Details
Main Author: Faller, Gustáv 1816-1881 (Author)
Format: Book
Language:Undetermined
PhysicalDescription:89 s.
Published: Schemnik August Joerges 1865
Edition:1. vyd.

MARC

LEADER 00000nam a2200000 a 4500
001 vtls001454854
003 SK-MaSNL
005 20260302002333.0
008 240318s1865 xx 0 und
035 |a SNK000410161 
040 |a SNK  |b slo  |c SNK  |e AACR2 
041 0 |a und 
044 |a xx 
100 1 |a Faller, Gustáv  |d 1816-1881  |4 aut  |9 173426 
245 1 4 |a Der Schemniker Metall - Verbau 
250 |a 1. vyd. 
260 |a Schemnik  |b August Joerges  |c 1865 
300 |a 89 s. 
958 |a ONDV 
999 |c 987613  |d 989543 
952 |t P60, <03>, [BOOK], {603}  |a SNK  |b SNK  |y PREZ  |7 0  |p 17A0386108  |o snkSC 30171  |i snkK 5222/72  |0 0  |1 0  |4 0  |d 2003-06-06  |l 0  |r 2025-09-18 00:00:00  |w 2026-02-24